00367nam a2200181Ia 4500003000900000008004100009040001300050040001300063041000800076100001900084245002900103250000900132260000800141260000900149300001100158300001000169490000600179IT-RoPAU120407s9999 xx 000 0 und d aIT-RoPAU cIT-RoPAU aita aCarlo Carretto aFamiglia, piccola Chiesa aRoma aAve c1966 a148 p. c18 cm v1